Gandhi

Gandhi es una película biográfica de 1982 dirigida por Richard Attenborough sobre la vida de Mahatma Gandhi, figura central del movimiento de independencia indio y defensor de la no violencia.

Guardado en:
Autor Principal: Attenborough, Richard.
Autor Corporativo: Goldcrest Films.
Otros Autores: Briley, John; Guion., Kingsley, Ben; Reparto., Bergen, Candice; Reparto., Fox, Edward; Reparto.
Formato: Deslizar
Idioma:Undetermined
Publicado: Reino Unido : Columbia Pictures, 1982.
Materias:
Etiquetas: Agregar Etiqueta
Sin Etiquetas, Sea el primero en etiquetar este registro!
LEADER 01129ngm a22002655a 4500
001 CEM.cems020510
008 230928s1982####xx#---############vlund#d
005 20230928213604.0
245 1 0 |a Gandhi  |h [videograbación] /  |c Richard Attenborough. 
260 |a Reino Unido :  |b Columbia Pictures,  |c 1982. 
300 |a 188'. 
520 |a Gandhi es una película biográfica de 1982 dirigida por Richard Attenborough sobre la vida de Mahatma Gandhi, figura central del movimiento de independencia indio y defensor de la no violencia. 
590 |a Identificación anterior: 199 
538 |a Soporte: DVD -- Formato: DVD – Peso: 4.36gb -- Resolución: 720 x 480 -- 29.97fps 
500 |a Idioma: Inglés – Subtítulos: Español, Francés, Portugués, Inglés. 
100 1 |a Attenborough, Richard. 
700 1 |a Briley, John; Guion. 
700 1 |a Kingsley, Ben; Reparto. 
700 1 |a Bergen, Candice; Reparto. 
700 1 |a Fox, Edward; Reparto. 
710 2 |a Goldcrest Films. 
653 |a LARGOMETRAJE 
653 |a FICCIÓN 
653 |a BIOGRAFÍA 
859 |a CEMS  |b BIB. CEMS - Depto. Recursos Didacticos  |h 778.5  |i ATT  |k DRD  |p 3144.23  |t Ej.1